00473nam a2200181 a 4500001001300000003000900013005001700022008004100039020001000080082001300090100001800103245006500121260003800186300000900224500003500233505001000268650001300278nice12345678IN_TiNIC20260116011350.0050524s1961 lona grp 000 0 eng  ac10000a230bBRU aBrunner, Emil aI Believe in the Living Godb Sermons on the Apostles` Creed aLondon bLutterworth Press c1961 a160p aincludes index and biblioraphy2 aIndex aTheology